000 00339nam a22001217a 4500
008 160523b xxu||||| |||| 00| 0 eng d
020 _a9780071416139
020 _a0071416137
041 _aeng
080 _a615
245 _aPharmacotherapy a pathophysiologic approach:
_cJoseph T. Dipiro; Robert L. Talbert; Gary C. Yee;
942 _2udc
_cBK
999 _c2398
_d2398